000 01049nam a2200301Ia 4500
001 Para_9398
003 CHAP
008 220125s2008 xx 000 0 und d
010 _a208095
040 _cCHAP
090 _aTESIS 2131
100 _aGutíerrez Moreno, Rebeca Adriana
_951772
245 _aAsociación de Chalcolepidius sp. en la pudrición bacteriana del "Tetecho" (Neobuxbaumia tetetzo) en Zapotitlan, Puebla /
_c por Rebeca Adriana Gutíerrez Moreno
260 _aChapingo, Méx. :
_b el autor
300 _a56 h.
502 _aTesis (Ing. Agr. Esp. en Parasitología Agrícola) -- UACh. Departamento Parasitología Agrícola
650 _aCactáceas
_x enfermedades
_917003
650 _aCactáceas
_x plagas
_917011
650 _aNeobuxbaumia tetetzo
_9174496
710 _aUACh. Departamento Parasitología Agrícola
_9164025
901 _aTESIS 2131
902 _aM
905 _a0000002008 an 0000000000 00
910 _a2008
942 _cPARA
942 _cPARA
_d2
999 _c208095
_d208095